000 00442cam a2200181ua 4500
020 _c20.00
041 _aeng
_h
082 _a621.30288
_bWAT/EL
100 _aWatts, J L .
245 _aElectrical maintenance and repair /
_cJ L Watts.
_hTextual Documents
250 _a1 /
_b.
260 _a :
_bCleavver Hume Press Ltd. ,
_c1958.
300 _a319 ; .
365 _a20.00
504 _a
942 _cBK
999 _c2117
_d2117